000 00325nam a22001337a 4500
008 170907b xxu||||| |||| 00| 0 eng d
020 _a069712682-X
041 _aeng
080 _a91
100 _a42
101 _aGJEO
245 _aAN INTRODUCTION TO STATISTICAL PROBLEM SOLVING IN GEOGRAPHY
_cGREW,J,C
942 _2udc
_cBK
999 _c26593
_d26593